000 00744nam a2200217 a 4500
003 BD-DhJNU
005 20250702063226.0
008 800619s1980 ilu b 001 0 eng
020 _a0256023220
040 _aBD-DhJNU
_bENG
_cBD-DhJNU
_dBD-DhJNU
082 0 0 _a324.973 ASP
_223
100 1 _aAsher, Herbert B.
245 1 0 _aPresidential elections and American politics :
_bvoters, candidates, and campaigns since 1952 /
_cHerbert B. Asher
250 _a1980 rev. ed.
260 _aHomewood, Ill. :
_bDorsey Press,
_c1980.
300 _axvii, 419 p. :
_bgraphs ;
_c23 cm.
504 _aIncludes bibliographies and indexes.
650 0 _aPresidents
_zUnited States
_xElection.
650 0 _aPolitical campaigns
_zUnited States.
942 _cBK
_2ddc
999 _c1866
_d1866